{"text_format":"3","workbook":"xlsx","n_sheets":1,"sheets":["t25"],"read":"whole","date_system":"1900"}

{"sheet":"t25","index":0,"n_rows":214,"n_cols":7,"rows_kept":214,"merged":[[0,0,0,6],[30,0,30,5],[50,0,50,5],[156,0,156,5]]}
["TABELA 25.1 - Estatísticas Agrícolas, Município de Angatuba, Estado de São Paulo, 2007/08."]
["ITEM","UNIDADE","N.DE UPAs","MÍNIMO","MÉDIO","MÁXIMO","TOTAL"]
["Distância à sede do município","km",{"v":1509,"d":"1,509"},0.7,{"v":14.97,"d":"15.0"},45.6,"-"]
["Área total","hectare",{"v":1509,"d":"1,509"},0.2,{"v":57.56,"d":"57.6"},{"v":6272,"d":"6,272.0"},{"v":86861.03,"d":"86,861.0"}]
["Área com cultura perene","hectare",42,0.1,{"v":49.22,"d":"49.2"},606.7,{"v":2067.1,"d":"2,067.1"}]
["Área com cultura temporária","hectare",837,0.1,{"v":17.45,"d":"17.5"},{"v":1098.7,"d":"1,098.7"},{"v":14608.8,"d":"14,608.8"}]
["Área com pastagem","hectare",{"v":1394,"d":"1,394"},0.1,{"v":30.81,"d":"30.8"},{"v":1013.2,"d":"1,013.2"},{"v":42951,"d":"42,951.0"}]
["Área com reflorestamento","hectare",328,0.1,{"v":43.38,"d":"43.4"},{"v":4482,"d":"4,482.0"},{"v":14229.8,"d":"14,229.8"}]
["Área com vegetação natural","hectare",{"v":1019,"d":"1,019"},0.1,{"v":11.57,"d":"11.6"},{"v":1760,"d":"1,760.0"},{"v":11792.34,"d":"11,792.3"}]
["Área com vegetação de brejo e várzea","hectare",13,0.1,{"v":29.07,"d":"29.1"},{"v":170,"d":"170.0"},{"v":377.97,"d":"378.0"}]
["Área em descanso","hectare",36,0.2,{"v":2.63,"d":"2.6"},52.3,94.8]
["Área complementar","hectare",{"v":1400,"d":"1,400"},{"v":0.04,"d":"0.0"},{"v":0.53,"d":"0.5"},104.7,{"v":739.22,"d":"739.2"}]
["Área das UPAs com (0, 1] ha","hectare",22,0.2,{"v":0.71,"d":"0.7"},{"v":1,"d":"1.0"},15.6]
["Área das UPAs com (1, 2] ha","hectare",47,1.1,{"v":1.37,"d":"1.4"},{"v":2,"d":"2.0"},{"v":64.41,"d":"64.4"}]
["Área das UPAs com (2, 5] ha","hectare",257,2.1,{"v":3.58,"d":"3.6"},{"v":5,"d":"5.0"},{"v":919.64,"d":"919.6"}]
["Área das UPAs com (5, 10] ha","hectare",282,5.1,{"v":7.49,"d":"7.5"},{"v":10,"d":"10.0"},{"v":2112.78,"d":"2,112.8"}]
["Área das UPAs com (10, 20] ha","hectare",341,10.1,{"v":14.73,"d":"14.7"},{"v":20,"d":"20.0"},{"v":5022.47,"d":"5,022.5"}]
["Área das UPAs com (20, 50] ha","hectare",325,20.5,31.4,48.4,{"v":10204.89,"d":"10,204.9"}]
["Área das UPAs com (50, 100] ha","hectare",97,50.8,{"v":70.51,"d":"70.5"},96.8,{"v":6839.2,"d":"6,839.2"}]
["Área das UPAs com (100, 200] ha","hectare",47,101.6,141.1,193.6,{"v":6631.86,"d":"6,631.9"}]
["Área das UPAs com (200, 500] ha","hectare",57,200.8,{"v":306.44,"d":"306.4"},496.1,{"v":17466.88,"d":"17,466.9"}]
["Área das UPAs com (500, 1.000] ha","hectare",25,517.8,{"v":711.12,"d":"711.1"},982.5,{"v":17777.9,"d":"17,777.9"}]
["Área das UPAs com (1.000, 2.000] ha","hectare",6,{"v":1089,"d":"1,089.0"},{"v":1353.97,"d":"1,354.0"},{"v":1687.4,"d":"1,687.4"},{"v":8123.8,"d":"8,123.8"}]
["Área das UPAs com (2.000, 5.000] ha","hectare",2,{"v":2590.3,"d":"2,590.3"},{"v":2704.8,"d":"2,704.8"},{"v":2819.3,"d":"2,819.3"},{"v":5409.6,"d":"5,409.6"}]
["Área das UPAs com (5.000, 10.000] ha","hectare",1,{"v":6272,"d":"6,272.0"},{"v":6272,"d":"6,272.0"},{"v":6272,"d":"6,272.0"},{"v":6272,"d":"6,272.0"}]
["Área das UPAs acima de 10.000 ha","hectare","-","-","-","-","-"]
["Familiares do proprietário que trabalham na UPA","unidade",{"v":1280,"d":"1,280"},{"v":1,"d":"1.0"},{"v":2.03,"d":"2.0"},{"v":10,"d":"10.0"},{"v":2603,"d":"2,603.0"}]
["Trabalhadores permanentes","unidade",298,{"v":1,"d":"1.0"},{"v":2.46,"d":"2.5"},{"v":50,"d":"50.0"},{"v":733,"d":"733.0"}]
["Fonte: Secretaria de Agricultura e Abastecimento, CDRS/IEA, Projeto LUPA."]
[]
["TABELA 25.2 - Explorações Animais, Município de Angatuba, Estado de São Paulo, 2007/08."]
["ITEM","UNIDADE","N.DE UPAs","MÍNIMO","MÉDIO","MÁXIMO","TOTAL"]
["Apicultura","colmeias",1,{"v":1,"d":"1.0"},{"v":1,"d":"1.0"},{"v":1,"d":"1.0"},{"v":1,"d":"1.0"}]
["Asininos E Muares","cabeças",211,{"v":1,"d":"1.0"},{"v":1.93,"d":"1.9"},{"v":10,"d":"10.0"},{"v":408,"d":"408.0"}]
["Avestruzes e Ema (Criadouro)","cabeças",1,{"v":2,"d":"2.0"},{"v":2,"d":"2.0"},{"v":2,"d":"2.0"},{"v":2,"d":"2.0"}]
["Avicultura de Corte","cabeças/ano",10,{"v":2,"d":"2.0"},{"v":42307,"d":"42,307.0"},{"v":115000,"d":"115,000.0"},{"v":423070,"d":"423,070.0"}]
["Avicultura para Ovos","cabeças",3,{"v":250,"d":"250.0"},{"v":6750,"d":"6,750.0"},{"v":10000,"d":"10,000.0"},{"v":20250,"d":"20,250.0"}]
["Bovinocultura de Corte","cabeças",126,{"v":2,"d":"2.0"},{"v":190.04,"d":"190.0"},{"v":1300,"d":"1,300.0"},{"v":23945,"d":"23,945.0"}]
["Bovinocultura Leiteira","cabeças",78,{"v":1,"d":"1.0"},{"v":31.59,"d":"31.6"},{"v":250,"d":"250.0"},{"v":2464,"d":"2,464.0"}]
["Bovinocultura Mista","cabeças",936,{"v":1,"d":"1.0"},{"v":22.04,"d":"22.0"},{"v":350,"d":"350.0"},{"v":20632,"d":"20,632.0"}]
["Caprinocultura","cabeças",23,{"v":1,"d":"1.0"},{"v":4.52,"d":"4.5"},{"v":17,"d":"17.0"},{"v":104,"d":"104.0"}]
["Equinocultura","cabeças",552,{"v":1,"d":"1.0"},3.1,{"v":108,"d":"108.0"},{"v":1710,"d":"1,710.0"}]
["Helicicultura","viveiros",1,{"v":1,"d":"1.0"},{"v":1,"d":"1.0"},{"v":1,"d":"1.0"},{"v":1,"d":"1.0"}]
["Minhocultura","canteiros",2,{"v":1,"d":"1.0"},2.5,{"v":4,"d":"4.0"},{"v":5,"d":"5.0"}]
["Outra Exploração Animal","cabeças",1,{"v":6,"d":"6.0"},{"v":6,"d":"6.0"},{"v":6,"d":"6.0"},{"v":6,"d":"6.0"}]
["Ovinocultura","cabeças",30,{"v":1,"d":"1.0"},{"v":22.03,"d":"22.0"},{"v":120,"d":"120.0"},{"v":661,"d":"661.0"}]
["Piscicultura","m² tanques",3,{"v":6,"d":"6.0"},{"v":4335.33,"d":"4,335.3"},{"v":10000,"d":"10,000.0"},{"v":13006,"d":"13,006.0"}]
["Suinocultura","cabeças",201,{"v":1,"d":"1.0"},{"v":21.39,"d":"21.4"},{"v":3000,"d":"3,000.0"},{"v":4300,"d":"4,300.0"}]
["Fonte: Secretaria de Agricultura e Abastecimento, CDRS/IEA, Projeto LUPA."]
[]
["TABELA 25.3 -  Máquinas, Implementos e Benfeitorias, Município de Angatuba, Estado de São Paulo, 2007/08."]
["ITEM","UNIDADE","N.DE UPAs","MÍNIMO","MÉDIO","MÁXIMO","TOTAL"]
["Arado Comum (Bacia, Aiveca)","Unidade",44,{"v":1,"d":"1.0"},{"v":1.09,"d":"1.1"},{"v":2,"d":"2.0"},{"v":48,"d":"48.0"}]
["Arado Escarificador","Unidade",152,{"v":1,"d":"1.0"},{"v":1.11,"d":"1.1"},{"v":5,"d":"5.0"},{"v":168,"d":"168.0"}]
["Arado Subsolador","Unidade",18,{"v":1,"d":"1.0"},{"v":1.22,"d":"1.2"},{"v":2,"d":"2.0"},{"v":22,"d":"22.0"}]
["Batedeira de Cereais","Unidade",44,{"v":1,"d":"1.0"},{"v":1.11,"d":"1.1"},{"v":4,"d":"4.0"},{"v":49,"d":"49.0"}]
["Colhedeira Acoplada","Unidade",10,{"v":1,"d":"1.0"},1.1,{"v":2,"d":"2.0"},{"v":11,"d":"11.0"}]
["Colhedeira Automotriz","Unidade",10,{"v":1,"d":"1.0"},1.4,{"v":2,"d":"2.0"},{"v":14,"d":"14.0"}]
["Computador","Unidade",2,{"v":1,"d":"1.0"},{"v":2,"d":"2.0"},{"v":3,"d":"3.0"},{"v":4,"d":"4.0"}]
["Conj.Irrigação Autopropelido","Unidade",6,{"v":1,"d":"1.0"},1.5,{"v":3,"d":"3.0"},{"v":9,"d":"9.0"}]
["Conj.Irrigação Convencional","Unidade",10,{"v":1,"d":"1.0"},1.4,{"v":5,"d":"5.0"},{"v":14,"d":"14.0"}]
["Conj.Irrigação Pivot Central","Unidade",10,{"v":1,"d":"1.0"},3.2,{"v":13,"d":"13.0"},{"v":32,"d":"32.0"}]
["Conj.Irrigação/Gotejamento/Microaspersão","Unidade",4,{"v":1,"d":"1.0"},{"v":1,"d":"1.0"},{"v":1,"d":"1.0"},{"v":4,"d":"4.0"}]
["Conjunto de Fenação","Unidade",3,{"v":1,"d":"1.0"},{"v":1.33,"d":"1.3"},{"v":2,"d":"2.0"},{"v":4,"d":"4.0"}]
["Desintegrador, Picador, Triturador","Unidade",436,{"v":1,"d":"1.0"},{"v":1.09,"d":"1.1"},{"v":10,"d":"10.0"},{"v":477,"d":"477.0"}]
["Distribuidor de Calcário","Unidade",33,{"v":1,"d":"1.0"},{"v":1.09,"d":"1.1"},{"v":2,"d":"2.0"},{"v":36,"d":"36.0"}]
["Ensiladeira","Unidade",17,{"v":1,"d":"1.0"},{"v":1.35,"d":"1.4"},{"v":5,"d":"5.0"},{"v":23,"d":"23.0"}]
["Grade Aradora (Tipo Romi)","Unidade",50,{"v":1,"d":"1.0"},{"v":1.14,"d":"1.1"},{"v":3,"d":"3.0"},{"v":57,"d":"57.0"}]
["Grade Niveladora","Unidade",154,{"v":1,"d":"1.0"},{"v":1.11,"d":"1.1"},{"v":5,"d":"5.0"},{"v":171,"d":"171.0"}]
["Implementos para Tração Animal","Unidade",103,{"v":1,"d":"1.0"},{"v":2.34,"d":"2.3"},{"v":6,"d":"6.0"},{"v":241,"d":"241.0"}]
["Microtrator","Unidade",1,{"v":2,"d":"2.0"},{"v":2,"d":"2.0"},{"v":2,"d":"2.0"},{"v":2,"d":"2.0"}]
["Misturador de Ração","Unidade",3,{"v":1,"d":"1.0"},{"v":1,"d":"1.0"},{"v":1,"d":"1.0"},{"v":3,"d":"3.0"}]
["Ordenhadeira Mecânica","Unidade",27,{"v":1,"d":"1.0"},{"v":1,"d":"1.0"},{"v":1,"d":"1.0"},{"v":27,"d":"27.0"}]
["Pulverizador Tratorizado","Unidade",50,{"v":1,"d":"1.0"},{"v":1.14,"d":"1.1"},{"v":3,"d":"3.0"},{"v":57,"d":"57.0"}]
["Resfriador de Leite, Tanque Expansão","Unidade",28,{"v":1,"d":"1.0"},{"v":1,"d":"1.0"},{"v":1,"d":"1.0"},{"v":28,"d":"28.0"}]
["Semeadeira/Adubadeira para Plantio Convencional","Unidade",55,{"v":1,"d":"1.0"},{"v":1.07,"d":"1.1"},{"v":2,"d":"2.0"},{"v":59,"d":"59.0"}]
["Semeadeira/Plantadeira Plantio Direto","Unidade",21,{"v":1,"d":"1.0"},{"v":1.33,"d":"1.3"},{"v":4,"d":"4.0"},{"v":28,"d":"28.0"}]
["Terraceador","Unidade",4,{"v":1,"d":"1.0"},{"v":1.25,"d":"1.3"},{"v":2,"d":"2.0"},{"v":5,"d":"5.0"}]
["Trator de Esteiras","Unidade",3,{"v":1,"d":"1.0"},{"v":1,"d":"1.0"},{"v":1,"d":"1.0"},{"v":3,"d":"3.0"}]
["Trator de Pneus","Unidade",282,{"v":1,"d":"1.0"},{"v":1.61,"d":"1.6"},{"v":14,"d":"14.0"},{"v":453,"d":"453.0"}]
["Açude/Represa","Unidade",735,{"v":1,"d":"1.0"},{"v":1.81,"d":"1.8"},{"v":15,"d":"15.0"},{"v":1332,"d":"1,332.0"}]
["Almoxarifado/Oficina","Unidade",6,{"v":1,"d":"1.0"},{"v":1.33,"d":"1.3"},{"v":2,"d":"2.0"},{"v":8,"d":"8.0"}]
["Armazém para Grãos Ensacados","Sacas",10,{"v":1,"d":"1.0"},{"v":221,"d":"221.0"},{"v":2200,"d":"2,200.0"},{"v":2210,"d":"2,210.0"}]
["Balança para Bovinos","Unidade",35,{"v":1,"d":"1.0"},{"v":1.09,"d":"1.1"},{"v":2,"d":"2.0"},{"v":38,"d":"38.0"}]
["Balança para Veículos","Unidade",2,{"v":1,"d":"1.0"},{"v":1,"d":"1.0"},{"v":1,"d":"1.0"},{"v":2,"d":"2.0"}]
["Barracão para Bicho da Seda/Sirgaria","Unidade",3,{"v":1,"d":"1.0"},{"v":1,"d":"1.0"},{"v":1,"d":"1.0"},{"v":3,"d":"3.0"}]
["Barracão para Granja/Avicultura","Unidade",15,{"v":1,"d":"1.0"},{"v":1.47,"d":"1.5"},{"v":4,"d":"4.0"},{"v":22,"d":"22.0"}]
["Barracão/Galpão/Garagem","Unidade",608,{"v":1,"d":"1.0"},{"v":1.28,"d":"1.3"},{"v":10,"d":"10.0"},{"v":776,"d":"776.0"}]
["Biodigestor","Unidade",2,{"v":1,"d":"1.0"},1.5,{"v":2,"d":"2.0"},{"v":3,"d":"3.0"}]
["Casa de Moradia Habitada","Unidade",{"v":1024,"d":"1,024"},{"v":1,"d":"1.0"},{"v":1.66,"d":"1.7"},{"v":15,"d":"15.0"},{"v":1699,"d":"1,699.0"}]
["Casa de Moradia Total","Unidade",443,{"v":1,"d":"1.0"},1.9,{"v":20,"d":"20.0"},{"v":841,"d":"841.0"}]
["Curral/Mangueira","Unidade",781,{"v":1,"d":"1.0"},{"v":1.05,"d":"1.1"},{"v":4,"d":"4.0"},{"v":822,"d":"822.0"}]
["Depósito/Tulha","Unidade",382,{"v":1,"d":"1.0"},{"v":1.11,"d":"1.1"},{"v":6,"d":"6.0"},{"v":425,"d":"425.0"}]
["Engenho","Unidade",1,{"v":1,"d":"1.0"},{"v":1,"d":"1.0"},{"v":1,"d":"1.0"},{"v":1,"d":"1.0"}]
["Estábulo","Unidade",31,{"v":1,"d":"1.0"},{"v":1.35,"d":"1.4"},{"v":7,"d":"7.0"},{"v":42,"d":"42.0"}]
["Estufa/Plasticultura","m²",5,{"v":1,"d":"1.0"},{"v":2900.6,"d":"2,900.6"},{"v":14000,"d":"14,000.0"},{"v":14503,"d":"14,503.0"}]
["Fábrica de Ração","Unidade",5,{"v":1,"d":"1.0"},{"v":1,"d":"1.0"},{"v":1,"d":"1.0"},{"v":5,"d":"5.0"}]
["Instalações para Equinos","Unidade",6,{"v":1,"d":"1.0"},{"v":2.17,"d":"2.2"},{"v":5,"d":"5.0"},{"v":13,"d":"13.0"}]
["Pocilga","Unidade",7,{"v":1,"d":"1.0"},{"v":1.14,"d":"1.1"},{"v":2,"d":"2.0"},{"v":8,"d":"8.0"}]
["Poço Semi-Artesiano","Unidade",5,{"v":1,"d":"1.0"},1.4,{"v":2,"d":"2.0"},{"v":7,"d":"7.0"}]
["Secador de Grãos","Unidade",3,{"v":1,"d":"1.0"},{"v":1,"d":"1.0"},{"v":1,"d":"1.0"},{"v":3,"d":"3.0"}]
["Silo para Grãos","t",3,{"v":1,"d":"1.0"},{"v":28.67,"d":"28.7"},{"v":70,"d":"70.0"},{"v":86,"d":"86.0"}]
["Silo para Silagem","t",11,{"v":1,"d":"1.0"},{"v":516.09,"d":"516.1"},{"v":1800,"d":"1,800.0"},{"v":5677,"d":"5,677.0"}]
["Terreiro","m²",7,{"v":1,"d":"1.0"},{"v":144.57,"d":"144.6"},{"v":400,"d":"400.0"},{"v":1012,"d":"1,012.0"}]
["Usina de Açúcar/destilaria","Unidade",2,{"v":1,"d":"1.0"},{"v":1,"d":"1.0"},{"v":1,"d":"1.0"},{"v":2,"d":"2.0"}]
["Fonte: Secretaria de Agricultura e Abastecimento, CDRS/IEA, Projeto LUPA."]
[]
["TABELA 25.4 - Outras Estatísticas Agrícolas, Município de Angatuba, Estado de São Paulo, 2007/08."]
["ITEM","Número de UPAs",null,"Percentual"]
["Faz Parte de Associação de Produtores",102,null,{"v":6.759443339960239,"d":"6.8"}]
["Faz Parte de Cooperativa de Produtores",54,null,{"v":3.5785288270377738,"d":"3.6"}]
["Faz Parte do Sindicato de Produtores",442,null,{"v":29.2909211398277,"d":"29.3"}]
["Não utiliza assistência técnica ",663,null,{"v":43.93638170974155,"d":"43.9"}]
["Utiliza somente assistência técnica governamental ",788,null,{"v":52.22001325381047,"d":"52.2"}]
["Utiliza somente assistência técnica privada ",36,null,{"v":2.3856858846918487,"d":"2.4"}]
["Utiliza assistência técnica tanto governamental quanto privada",22,null,{"v":1.4579191517561298,"d":"1.5"}]
["Utiliza Crédito Rural",91,null,{"v":6.030483764082174,"d":"6.0"}]
["Utiliza Seguro Rural",10,null,{"v":0.6626905235255135,"d":"0.7"}]
["Utiliza Escrituração Agrícola",29,null,{"v":1.9218025182239895,"d":"1.9"}]
["Acessa Internet p/ Fins na Agropecuária",24,null,{"v":1.5904572564612327,"d":"1.6"}]
["Utiliza Computador nas Atividades Agropecuárias",22,null,{"v":1.4579191517561298,"d":"1.5"}]
["Utiliza Energia Elétrica Para Uso na Atividade Agrícola",{"v":1088,"d":"1,088"},null,{"v":72.10072895957587,"d":"72.1"}]
["Realiza Análise de Solo, quando necessário",162,null,{"v":10.735586481113321,"d":"10.7"}]
["Utiliza Práticas de Conservação de Solo, quando necessário",268,null,{"v":17.760106030483765,"d":"17.8"}]
["Faz Adubação Mineral, quando necessário",678,null,{"v":44.93041749502982,"d":"44.9"}]
["Faz Adubação Orgânica, quando necessário",175,null,{"v":11.597084161696486,"d":"11.6"}]
["Faz Adubação Verde, quando necessário",13,null,{"v":0.8614976805831678,"d":"0.9"}]
["Utiliza Manejo Integrado de Pragas (MIP)",3,null,{"v":0.1988071570576541,"d":"0.2"}]
["Utiliza Hidroponia",1,null,{"v":0.06626905235255136,"d":"0.1"}]
["Utiliza Plasticultura",24,null,{"v":1.5904572564612327,"d":"1.6"}]
["Utiliza Mudas Fiscalizadas",76,null,{"v":5.036447978793903,"d":"5.0"}]
["Utiliza Semente Melhorada",657,null,{"v":43.538767395626245,"d":"43.5"}]
["Faz Confinamento de Bovinos",10,null,{"v":0.6626905235255135,"d":"0.7"}]
["Utiliza Pastejo Intensivo",26,null,{"v":1.7229953611663356,"d":"1.7"}]
["Faz Inseminação Artificial",12,null,{"v":0.7952286282306164,"d":"0.8"}]
["Faz Mineralização do Rebanho",{"v":1072,"d":"1,072"},null,{"v":71.04042412193506,"d":"71.0"}]
["Faz Vermifugação do Rebanho",{"v":1066,"d":"1,066"},null,{"v":70.64280980781975,"d":"70.6"}]
["Possui Parceiros /Arrendatários na Exploração Animal",112,null,{"v":7.422133863485752,"d":"7.4"}]
["Esporte e lazer","-",null,"-"]
["Extração mineral","-",null,"-"]
["Hotel Fazenda, Pousada ou SPA","-",null,"-"]
["Pesque-pague","-",null,"-"]
["Restaurante ou Lanchonete",1,null,{"v":0.06626905235255136,"d":"0.1"}]
["Transformação artesanal",1,null,{"v":0.06626905235255136,"d":"0.1"}]
["Turismo rural ou ecoturismo","-",null,"-"]
["Outras atividades econômicas rurais","-",null,"-"]
["Agroindústria",1,null,{"v":0.06626905235255136,"d":"0.1"}]
["Proprietário sem instrução ou com instrução incompleta",34,null,{"v":2.2531477799867465,"d":"2.3"}]
["Proprietário com antigo primário completo",{"v":1019,"d":"1,019"},null,{"v":67.52816434724983,"d":"67.5"}]
["Proprietário com 1° grau (ou antigo ginasial) completo",114,null,{"v":7.554671968190855,"d":"7.6"}]
["Proprietário com 2° grau (ou antigo colegial) completo",125,null,{"v":8.28363154406892,"d":"8.3"}]
["Proprietário com curso superior completo ",185,null,{"v":12.259774685222002,"d":"12.3"}]
["Pessoa Jurídica",32,null,{"v":2.1206096752816435,"d":"2.1"}]
["Proprietário residente na própria UPA ",640,null,{"v":42.412193505632864,"d":"42.4"}]
["Fonte: Secretaria de Agricultura e Abastecimento, CDRS/IEA, Projeto LUPA."]
[]
["TABELA 25.5 - Área Cultivada, Município de Angatuba, Estado de São Paulo, 2007/08."]
["CULTURA","N.DE UPAs","MÍNIMO","MÉDIO","MÁXIMO","TOTAL"]
["Braquiaria",{"v":1353,"d":"1,353"},0.1,{"v":30.74,"d":"30.7"},{"v":1013.2,"d":"1,013.2"},{"v":41597.9,"d":"41,597.9"}]
["Eucalipto",324,0.1,{"v":39.31,"d":"39.3"},{"v":4482,"d":"4,482.0"},{"v":12736.2,"d":"12,736.2"}]
["Milho",585,0.1,{"v":18.19,"d":"18.2"},871.2,{"v":10640.3,"d":"10,640.3"}]
["Feijao",109,0.2,{"v":26.38,"d":"26.4"},536.2,{"v":2875.6,"d":"2,875.6"}]
["Laranja",11,0.1,{"v":177.94,"d":"177.9"},606.7,{"v":1957.3,"d":"1,957.3"}]
["Pinus",14,0.3,{"v":106.69,"d":"106.7"},{"v":810,"d":"810.0"},{"v":1493.6,"d":"1,493.6"}]
["Soja",9,{"v":51,"d":"51.0"},154.2,462.1,{"v":1387.8,"d":"1,387.8"}]
["Cana-de-acucar",357,0.1,3.5,309.2,{"v":1250.5,"d":"1,250.5"}]
["Capim-jaragua",61,0.4,{"v":16.08,"d":"16.1"},123.3,980.7]
["Trigo",8,1.7,{"v":118.39,"d":"118.4"},462.1,947.1]
["Sorgo",1,462.1,462.1,462.1,462.1]
["Algodao",2,{"v":100,"d":"100.0"},{"v":130,"d":"130.0"},{"v":160,"d":"160.0"},{"v":260,"d":"260.0"}]
["Batata-inglesa (ou batata, ou batatinha)",3,7.6,{"v":85.57,"d":"85.6"},239.5,256.7]
["Capim-napier (ou capim-elefante)",68,0.1,3.7,73.9,251.5]
["Viveiro de flores e ornamentais",17,1.8,12.9,52.4,219.3]
["Grama em Placas",12,2.4,{"v":14.08,"d":"14.1"},41.4,{"v":169,"d":"169.0"}]
["Arroz",25,0.2,{"v":5.44,"d":"5.4"},{"v":100,"d":"100.0"},135.9]
["Milho-pipoca",17,1.8,{"v":5.21,"d":"5.2"},13.3,88.6]
["Milho-silagem",4,{"v":2,"d":"2.0"},21.9,48.4,87.6]
["Outras gramineas para pastagem",4,1.2,{"v":15.18,"d":"15.2"},48.4,60.7]
["Aveia",6,0.5,{"v":9.18,"d":"9.2"},{"v":41,"d":"41.0"},55.1]
["Outras culturas temporárias",2,2.4,{"v":20.55,"d":"20.6"},38.7,41.1]
["Banana",11,0.1,{"v":3.52,"d":"3.5"},24.2,38.7]
["Maracuja",24,0.1,{"v":1.48,"d":"1.5"},7.2,35.4]
["Gramas",3,6.4,8.9,{"v":12,"d":"12.0"},26.7]
["Coloniao",3,6.4,{"v":8.77,"d":"8.8"},10.3,26.3]
["Milho Safrinha",1,{"v":25,"d":"25.0"},{"v":25,"d":"25.0"},{"v":25,"d":"25.0"},{"v":25,"d":"25.0"}]
["Cafe",6,0.2,{"v":3.92,"d":"3.9"},{"v":20,"d":"20.0"},23.5]
["Melao",1,19.3,19.3,19.3,19.3]
["Mamao",3,3.6,{"v":6,"d":"6.0"},{"v":10,"d":"10.0"},{"v":18,"d":"18.0"}]
["Fruta-do-conde (ou pinha, ou anona)",2,1.9,7.2,12.5,14.4]
["Maca",3,0.6,{"v":4.53,"d":"4.5"},{"v":7,"d":"7.0"},13.6]
["Melancia",3,3.6,4.5,{"v":5,"d":"5.0"},13.5]
["Gergelim",1,8.6,8.6,8.6,8.6]
["Ameixa",1,7.7,7.7,7.7,7.7]
["Cenoura",1,7.3,7.3,7.3,7.3]
["Sorgo-forrageiro",1,7.2,7.2,7.2,7.2]
["Outras olericolas",5,0.1,{"v":1.22,"d":"1.2"},2.4,6.1]
["Tangerina",1,{"v":6,"d":"6.0"},{"v":6,"d":"6.0"},{"v":6,"d":"6.0"},{"v":6,"d":"6.0"}]
["Pimentao",17,0.1,{"v":0.34,"d":"0.3"},1.4,5.8]
["Mandioca",6,0.2,{"v":0.63,"d":"0.6"},1.2,3.8]
["Pomar domestico",8,0.1,{"v":0.28,"d":"0.3"},0.8,2.2]
["Pera",1,1.9,1.9,1.9,1.9]
["Manga",1,1.4,1.4,1.4,1.4]
["Sorgo-vassoura",1,{"v":1,"d":"1.0"},{"v":1,"d":"1.0"},{"v":1,"d":"1.0"},{"v":1,"d":"1.0"}]
["Pepino",2,0.1,0.2,0.3,0.4]
["Tomate envarado",2,0.1,{"v":0.15,"d":"0.2"},0.2,0.3]
["Tomate rasteiro",1,0.3,0.3,0.3,0.3]
["Outras frutiferas",1,0.3,0.3,0.3,0.3]
["Quiabo",2,0.1,{"v":0.15,"d":"0.2"},0.2,0.3]
["Abobora (ou jerimum)",2,0.1,0.1,0.1,0.2]
["Mandioquinha",1,0.2,0.2,0.2,0.2]
["Horta domestica",1,0.1,0.1,0.1,0.1]
["Lima",1,0.1,0.1,0.1,0.1]
["Batata-doce",1,0.1,0.1,0.1,0.1]
["Fonte: Secretaria de Agricultura e Abastecimento, CDRS/IEA, Projeto LUPA."]